[Event "Niedersachsen-ch U14"]
[Site "Rotenburg"]
[Date "2008.03.20"]
[Round "9"]
[White "Koch, Yannick"]
[Black "Meyer, Melissa"]
[Result "0-1"]
[WhiteElo "756"]
[BlackElo "1126"]
[PlyCount "38"]
[EventDate "2008.03.15"]
[EventType "swiss"]
[EventRounds "9"]
[EventCountry "GER"]
[SourceTitle "EXT 2009"]
[Source "ChessBase"]
[SourceDate "2008.11.26"]
[SourceVersion "1"]
[SourceVersionDate "2008.11.26"]
[SourceQuality "1"]

1. e4 e5 2. Nf3 Nc6 3. Bc4 Bc5 4. c3 Nf6 5. d4 exd4 6. cxd4 Bb4+ 7. Nc3 d6 8. Bg5 h6 9. Bh4 g5 10. Bg3 Nxe4 11. 0-0 Nxc3 12. bxc3 Bxc3 13. Rb1 Qf6 14. Bb5 0-0 15. Bxc6 bxc6 16. Qb3 Bxd4 17. Qc4 Bc5 18. h3 Bxh3 19. Qd3 Bf5 0-1

[Event "Niedersachsen-ch U14"]
[Site "Rotenburg"]
[Date "2008.03.16"]
[Round "3"]
[White "Duessler, Stefanie"]
[Black "Meyer, Melissa"]
[Result "1-0"]
[WhiteElo "1632"]
[BlackElo "1126"]
[PlyCount "73"]
[EventDate "2008.03.15"]
[EventType "swiss"]
[EventRounds "9"]
[EventCountry "GER"]
[SourceTitle "EXT 2009"]
[Source "ChessBase"]
[SourceDate "2008.11.26"]
[SourceVersion "1"]
[SourceVersionDate "2008.11.26"]
[SourceQuality "1"]

1. e4 e5 2. Nf3 Nc6 3. Bb5 a6 4. Ba4 Nf6 5. 0-0 Bc5 6. d3 d6 7. c3 b5 8. Bc2 h6 9. Nbd2 Be6 10. h3 Qd7 11. Re1 Bxh3 12. gxh3 Qxh3 13. Nf1 Qg4+ 14. Kh1 Bxf2 15. N1h2 Qh3 16. Ng1 Qg3 17. Rf1 h5 18. Qf3 Qxf3+ 19. Ngxf3 Bb6 20. Kg2 0-0-0 21. Nh4 Rhg8 22. Bb3 Rd7 23. Nf5 g6 24. Nh6 Rf8 25. Rxf6 Nd8 26. Bg5 Ba7 27. Raf1 Bb6 28. Nxf7 Nb7 29. Nxd6+ Rxd6 30. Rxf8+ Nd8 31. Bxd8 Rxd8 32. Be6+ Kb7 33. Rxd8 a5 34. Bd5+ Ka6 35. Ra8+ Ba7 36. Rf6+ c6 37. Rxc6+ 1-0

[Event "Niedersachsen-ch U12/14 Girls"]
[Site "Rotenburg/Wuemme"]
[Date "2007.03.31"]
[Round "1"]
[White "Meyer, Melissa"]
[Black "Pfeiffer, Cynthia"]
[Result "1-0"]
[WhiteElo "985"]
[BlackElo "724"]
[PlyCount "67"]
[EventDate "2007.03.31"]
[EventType "swiss"]
[EventRounds "9"]
[EventCountry "GER"]
[SourceTitle "EXT 2008"]
[Source "ChessBase"]
[SourceDate "2007.11.25"]
[SourceVersion "1"]
[SourceVersionDate "2007.11.25"]
[SourceQuality "1"]

1. e4 e5 2. Nf3 Nc6 3. Bc4 Bc5 4. Nc3 Nf6 5. d3 d6 6. Bg5 h6 7. Bh4 g5 8. Bg3 Bg4 9. h3 Bxf3 10. Qxf3 Nd4 11. Qd1 Qd7 12. a3 0-0-0 13. f3 h5 14. Bf2 h4 15. Bxd4 Bxd4 16. Qd2 Nh7 17. 0-0-0 f5 18. Ne2 fxe4 19. Nxd4 exd4 20. dxe4 c5 21. c3 dxc3 22. Qxc3 a6 23. Qb3 b5 24. Be6 c4 25. Bxd7+ Rxd7 26. Qb4 Rhd8 27. e5 dxe5 28. Rxd7 Rxd7 29. Qc5+ Kb8 30. Qxe5+ Kc8 31. Rd1 Rxd1+ 32. Kxd1 Kd8 33. Qh8+ Ke7 34. Qxh7+ 1-0

[Event "Niedersachsen-ch U12/14 Girls"]
[Site "Rotenburg/Wuemme"]
[Date "2006.04.10"]
[Round "4"]
[White "Meyer, Melissa"]
[Black "Schmidt, Jennifer"]
[Result "1/2-1/2"]
[WhiteElo "945"]
[BlackElo "858"]
[PlyCount "31"]
[EventDate "2006.04.08"]
[EventType "swiss"]
[EventRounds "9"]
[EventCountry "GER"]
[SourceTitle "EXT 2007"]
[Source "ChessBase"]
[SourceDate "2006.11.23"]
[SourceVersion "1"]
[SourceVersionDate "2006.11.23"]
[SourceQuality "1"]

1. e4 e5 2. Nf3 Nc6 3. Bc4 Nf6 4. Nc3 Nxe4 5. Nxe4 d5 6. Bd3 dxe4 7. Bxe4 Bc5 8. Bxc6+ bxc6 9. 0-0 Bd6 10. d3 0-0 11. Qe1 Qf6 12. Qc3 Bd7 13. g3 Qxf3 14. d4 Bh3 15. Qxf3 Bxf1 16. Kxf1 1/2-1/2

[Event "BEM-ch U12"]
[Site "Helmstedt"]
[Date "2005.10.28"]
[Round "3"]
[White "Meyer, Melissa"]
[Black "Thielen, Laurens"]
[Result "0-1"]
[WhiteElo "1047"]
[BlackElo "818"]
[PlyCount "104"]
[EventDate "2005.10.27"]
[EventType "tourn"]
[EventRounds "7"]
[EventCountry "GER"]
[SourceTitle "EXT 2007"]
[Source "ChessBase"]
[SourceDate "2006.11.23"]
[SourceVersion "1"]
[SourceVersionDate "2006.11.23"]
[SourceQuality "1"]

1. e4 e5 2. Nf3 Nc6 3. Bc4 Bc5 4. d3 h6 5. 0-0 Nf6 6. Nc3 d6 7. Nd5 Nxd5 8. Bxd5 0-0 9. Bxc6 bxc6 10. d4 exd4 11. Nxd4 Be6 12. Nxe6 fxe6 13. Qg4 Qf6 14. Be3 Bxe3 15. fxe3 Qxb2 16. Qxe6+ Kh8 17. Qc4 d5 18. exd5 cxd5 19. Rxf8+ Rxf8 20. Qd4 Qxc2 21. Rf1 Rxf1+ 22. Kxf1 Qxa2 23. Qc5 a5 24. Qxc7 a4 25. Qc8+ Kh7 26. Qf5+ Kg8 27. Qc8+ Kf7 28. Qc7+ Kf6 29. Qd6+ Kf5 30. Qf4+ Ke6 31. Qg4+ Kd6 32. Qg6+ Kc5 33. Qxg7 a3 34. Qd4+ Kb5 35. Qd3+ Qc4 36. Ke2 Qxd3+ 37. Kxd3 a2 38. e4 dxe4+ 39. Kxe4 a1Q 40. g4 Qd1 41. Kf5 h5 42. h3 hxg4 43. hxg4 Qd7+ 44. Kf4 Qf7+ 45. Kg3 Qg6 46. Kf4 Kc5 47. Kg3 Qg5 48. Kf3 Kd4 49. Kg3 Ke3 50. Kh3 Kf3 51. Kh2 Qxg4 52. Kh1 Qg2# 0-1